[Event "GER-ch Youth U14 2020"]
[Site "Willingen"]
[Date "2020.10.21"]
[Round "3.12"]
[White "Kageler, Anton Paul"]
[Black "Chassard, Cedric"]
[Result "0-1"]
[WhiteElo "1664"]
[BlackElo "1916"]
[Annotator "TA"]
[PlyCount "94"]
[EventDate "2020.10.20"]
[EventType "swiss"]
[EventRounds "7"]
[EventCountry "GER"]
[SourceTitle "playchess.com"]
[Source "ChessBase"]
[SourceQuality "1"]

{[%evp 18,94,16,5,18,16,20,15,98,89,125,83,76,61,94,108,199,202,261,248,234,148,156,147,133,121,135,101,102,103,107,51,68,27,39,0,0,-11,-10,-8,-7,-7,30,30,32,31,65,6,107,25,37,34,24,24,43,0,0,0,29,0,58,0,0,0,53,-17,0,-50,0,-130,-50,-139,-8,-132,-133,-168,-150,-599,-596]} 1. e4 e5 2. Nf3 Nc6 3. Bb5 a6 4. Ba4 Nf6 5. d3 b5 6. Bb3 Be7 7. O-O O-O 8. Re1 d6 9. a4 b4 10. a5 Rb8 {C88: Closed Ruy Lopez: Anti-Marshall Systems.} 11. Nbd2 Bg4 12. h3 {[#]} Bxf3 $146 (12... Be6 $11 {remains equal.}) ({Predecessor:} 12... Bh5 13. c3 Rb5 14. Nc4 bxc3 15. Ba4 cxb2 16. Bxb2 Rxb2 17. Nxb2 Nd4 18. g4 Nxf3+ 19. Qxf3 {1-0 (41) Garrido Outon,A (2339)-Roebers,J (2170) chess.com INT 2020}) 13. Nxf3 $16 Nd7 14. c3 bxc3 15. bxc3 Nc5 16. Bd5 Qd7 (16... Na7 $16) 17. d4 $18 exd4 18. cxd4 Nb7 19. Bd2 Na7 {[%cal Bc6a7,Ba7b5,Bb5c3][%mdl 32]} 20. Rc1 c6 21. Qa4 {[%cal Rd5c6]} Rfc8 22. Ba2 Nb5 23. Qc4 Nd8 24. Bf4 (24. d5 $16) 24... Ne6 $14 25. Bg3 Qd8 26. d5 cxd5 27. Qxd5 Nc3 28. Qd2 Nxa2 29. Qxa2 Rc5 30. Rxc5 Nxc5 31. Nd4 Qd7 32. e5 (32. Nf5 $14) 32... Rf8 (32... Bf8 $11 {keeps the balance.}) 33. exd6 (33. e6 $16 Nxe6 34. Nxe6 fxe6 35. Rxe6) 33... Bxd6 $11 34. Bxd6 Qxd6 35. Nf5 Qf6 36. Qc2 Ne6 37. Rb1 Nf4 38. Ng3 (38. Qe4 {feels hotter.} Ne6 39. Ne3 Qc3 40. Qb4 Qd3 41. Rb3) 38... Ng6 (38... h5 $11) 39. Qa4 ({White should play} 39. Kh2 $14) 39... Qg5 40. Qb4 Nf4 ({Better is} 40... h5 $11) 41. Qb6 (41. Qd6 $14) 41... h5 {[#] Strongly threatening ...h4.} 42. h4 Qxh4 {Threatens to win with ...Qg5.} 43. Qc5 (43. Qxa6 $11 Qg4 44. Qd6) 43... g6 $40 {[%mdl 128] Black mounts an attack.} (43... Rd8 $17 44. Qf5 Re8) 44. Qe3 (44. Qd6 $15) 44... Qg5 ({Black should try} 44... Rd8 $17 {White must now prevent ...Qg5.} 45. Ne2 Nxe2+ 46. Qxe2 Qf6) 45. Qf3 (45. Rb4 $11 {was the only way to keep the balance.} Ne6 46. Qxg5 Nxg5 47. f4) 45... Re8 $17 46. Rd1 Qe5 47. Rc1 $2 {[#]} (47. Nf1 $17) 47... h4 {Black used his chance. Av CentiPawn Loss W=-42/B=-25. Weighted=-69/-33} 0-1

[Event "GER-ch Youth U14 2020"]
[Site "Willingen"]
[Date "2020.10.21"]
[Round "3.13"]
[White "Stork, Christopher"]
[Black "Pfeffer, Samuel"]
[Result "1-0"]
[WhiteElo "1869"]
[BlackElo "1427"]
[Annotator "NA RC"]
[PlyCount "104"]
[EventDate "2020.10.20"]
[EventType "swiss"]
[EventRounds "7"]
[EventCountry "GER"]
[SourceTitle "playchess.com"]
[Source "ChessBase"]
[SourceQuality "1"]
[TimeControl "40/5400+30:1800+30"]

1. e4 {[%emt 0:00:00]} e5 {[%emt 0:00:00]} 2. Nf3 {[%emt 0:00:00]} Nc6 {[%emt 0:01:18]} 3. Bc4 {[%emt 0:00:00]} Nf6 {[%emt 0:01:24]} 4. d3 {[%emt 0:00:06]} Bc5 {[%emt 0:01:35]} 5. c3 {[%emt 0:00:56]} d6 {[%emt 0:00:59]} 6. O-O {[%emt 0:00:24]} a6 {[%emt 0:05:04]} 7. a4 {[%emt 0:01:25] now scores much better than the old 7.Bb3. Played by Levon Aronian in September 2020. C54: Giuoco Piano: 4 c3 Nf6, main lines with 5 d4 and 5 d3.} Ba7 {[%emt 0:01:36]} 8. Nbd2 {[%emt 0:01:26]} O-O {[%emt 0:01:15]} 9. Re1 {[%emt 0:01:08]} Ne7 {[%emt 0:01:45]} 10. Nf1 {[%emt 0:00:15]} Ng4 {[%emt 0:02:44]} 11. Re2 {[%emt 0:02:07]} Ng6 {[%emt 0:01:18]} 12. Ng3 {[%emt 0:02:00]} h6 {[%emt 0:02:07]} (12... Nh4 $5 {[%cal Rh4f3]} 13. d4 Nxf3+ 14. gxf3 Nf6 $11) 13. h3 {[%emt 0:03:07]} Nf6 {[%emt 0:01:25] [#]} 14. Be3 $146 {[%emt 0:03:38]} ({Predecessor:} 14. Bb3 Re8 15. d4 Bd7 16. Be3 Bc6 17. d5 Bd7 18. Bxa7 Rxa7 19. a5 Nf4 20. Rd2 {1-0 (50) Lagunow,R (2353)-Bracker,F (2392) Germany 2017}) 14... Nf4 {[%emt 0:03:29]} 15. Bxf4 {[%emt 0:01:33]} exf4 {[%emt 0:00:02]} 16. Nf1 $1 {[%emt 0:00:36]} d5 {[%emt 0:03:19]} 17. exd5 {[%emt 0:00:52]} Nxd5 {[%emt 0:01:32]} 18. d4 {[%emt 0:01:32]} Bf5 {[%emt 0:02:31]} 19. Qd2 {[%emt 0:02:47]} c6 {[%emt 0:04:32]} 20. Bxd5 {[%emt 0:05:02]} cxd5 {[%emt 0:01:32]} 21. Qxf4 {[%emt 0:01:18]} Bd3 {[%emt 0:00:57]} 22. Re3 {[%emt 0:01:19]} Bb8 {[%emt 0:02:14]} 23. Qh4 {[%emt 0:03:33]} Be4 {[%emt 0:03:43]} 24. Qxd8 {[%emt 0:02:27]} Rxd8 {[%emt 0:00:50]} 25. g3 {[%emt 0:01:40]} f5 {[%emt 0:02:34]} 26. Ne5 {[%emt 0:02:22]} Bxe5 {[%emt 0:01:16]} 27. dxe5 {[%emt 0:00:05]} d4 {[%emt 0:01:57]} 28. cxd4 {[%emt 0:01:18]} Rxd4 {[%emt 0:00:22]} 29. f4 {[%emt 0:02:49]} Rc8 {[%emt 0:02:14]} 30. Rae1 {[%emt 0:04:01]} a5 {[%emt 0:04:40]} 31. b3 {[%emt 0:03:48]} Rc2 {[%emt 0:02:14]} 32. R1e2 {[%emt 0:04:59]} Rc1 {[%emt 0:01:33]} 33. Kf2 {[%emt 0:02:09]} Rdd1 {[%emt 0:14:07]} 34. Re1 {[%emt 0:02:34]} Rxe1 {[%emt 0:02:43]} 35. Rxe1 {[%emt 0:00:23]} Rxe1 {[%emt 0:00:24]} 36. Kxe1 {[%emt 0:00:06]} Bd5 $2 {[%emt 0:00:55]} (36... Bc2 $16) 37. Nd2 {[%emt 0:00:27]} g5 {[%emt 0:02:30]} 38. Nc4 {[%emt 0:01:00]} b5 {[%emt 0:01:25]} 39. Nxa5 {[%emt 0:02:58]} bxa4 {[%emt 0:00:24]} 40. bxa4 {[%emt 0:00:05]} gxf4 {[%emt 0:01:12]} 41. gxf4 {[%emt 0:30:07]} Kf7 {[%emt 0:31:22]} 42. Kd2 {[%emt 0:01:18]} Kg6 {[%emt 0:01:17]} 43. Kc3 {[%emt 0:00:44]} Kh5 {[%emt 0:01:49]} 44. Kd4 {[%emt 0:00:29]} Be4 {[%emt 0:00:16]} 45. Nc4 {[%emt 0:01:09]} Kh4 {[%emt 0:00:33]} 46. Nd6 {[%emt 0:00:22]} Kxh3 {[%emt 0:03:49]} 47. Nxe4 {[%emt 0:00:15]} fxe4 {[%emt 0:00:35]} 48. Kxe4 {[%emt 0:00:09]} Kg2 {[%emt 0:00:27]} 49. e6 {[%emt 0:00:05]} h5 {[%emt 0:00:08]} 50. e7 {[%emt 0:00:05]} h4 {[%emt 0:00:12]} 51. e8=Q {[%emt 0:00:06]} h3 {[%emt 0:00:06]} 52. Qg6+ {[%emt 0:00:17]} Kh1 {[%emt 0:00:03]} 1-0

[Event "GER-ch Youth U14 2020"]
[Site "Willingen"]
[Date "2020.10.21"]
[Round "3.14"]
[White "Raasch, Hauke"]
[Black "Tham, Nam"]
[Result "0-1"]
[WhiteElo "1676"]
[BlackElo "1890"]
[Annotator "NA RC"]
[PlyCount "82"]
[EventDate "2020.10.20"]
[EventType "swiss"]
[EventRounds "7"]
[EventCountry "GER"]
[SourceTitle "playchess.com"]
[Source "ChessBase"]
[SourceQuality "1"]
[TimeControl "40/5400+30:1800+30"]

1. d4 {[%emt 0:00:00]} d5 {[%emt 0:00:00]} 2. Bf4 {[%emt 0:00:00]} Nf6 {[%emt 0:00:08]} 3. e3 {[%emt 0:00:09]} c5 {[%emt 0:01:10]} 4. c3 {[%emt 0:00:26]} Nc6 {[%emt 0:00:21]} 5. Nf3 {[%emt 0:00:23]} e6 {[%emt 0:01:31]} 6. Bd3 {[%emt 0:01:07]} Be7 {[%emt 0:04:43]} 7. h3 {[%emt 0:01:05] D02: 1 d4 d5 2 Nf3 sidelines, including 2...Nf6 3 g3 and 2...Nf6 3 Bf4.} c4 {[%emt 0:09:52]} 8. Bc2 {[%emt 0:00:36]} b5 {[%emt 0:00:09]} 9. a3 {[%emt 0:01:53]} Bb7 {[%emt 0:00:55]} 10. Nbd2 {[%emt 0:00:41]} a5 {[%emt 0:00:27]} 11. e4 {[%emt 0:03:01]} Qb6 {[%emt 0:08:22] [#]} 12. e5 $146 {[%emt 0:01:35]} ({Predecessor:} 12. O-O O-O 13. e5 Nd7 14. Qe2 h6 15. Nh2 b4 16. axb4 axb4 17. Ndf3 b3 18. Rxa8 Rxa8 {½-½ (36) Pedemonte,C-Paez Moguer,J Sant Cebria 1998}) 12... Nd7 {[%emt 0:00:48]} 13. Ng5 {[%emt 0:12:37]} Bxg5 {[%emt 0:10:44]} (13... h6 $11 14. Ngf3 Qc7) 14. Bxg5 {[%emt 0:00:09]} h6 {[%emt 0:00:04]} 15. Qh5 {[%emt 0:02:51] [#]} Nxd4 $1 {[%emt 0:06:14]} 16. cxd4 {[%emt 0:18:20]} Qxd4 {[%emt 0:00:12]} 17. O-O {[%emt 0:19:51]} Qxe5 {[%emt 0:09:59]} 18. Nf3 {[%emt 0:01:11]} Qxb2 19. Rfc1 {[%emt 0:01:19]} g6 {[%emt 0:04:26]} 20. Bxg6 {[%emt 0:07:58]} hxg5 {[%emt 0:00:09]} 21. Bxf7+ {[%emt 0:00:08]} Ke7 {[%emt 0:00:17]} 22. Qg6 {[%emt 0:00:27]} Qf6 {[%emt 0:00:05]} 23. Qxf6+ {[%emt 0:13:07]} Kxf6 {[%emt 0:01:09]} 24. Nxg5 Kxg5 25. Bxe6 {[%emt 0:01:16]} Nc5 {[%emt 0:00:37]} 26. Re1 {[%emt 0:02:07]} Rhe8 {[%emt 0:00:57]} 27. Bg4 {[%emt 0:01:47]} Nd3 {[%emt 0:01:01]} 28. Re2 {[%emt 0:02:32]} Rxe2 {[%emt 0:00:58]} 29. Bxe2 Nf4 30. Bf3 {[%emt 0:02:43]} b4 {[%emt 0:01:37]} 31. g3 {[%emt 0:01:32]} Nd3 {[%emt 0:00:13]} 32. Be2 {[%emt 0:00:16]} Re8 {[%emt 0:01:48]} 33. Bxd3 {[%emt 0:02:08]} cxd3 {[%emt 0:00:06]} 34. Rd1 {[%emt 0:00:24]} Ba6 {[%emt 0:00:28]} 35. axb4 {[%emt 0:00:46]} axb4 {[%emt 0:00:06]} 36. Ra1 {[%emt 0:00:26]} d2 {[%emt 0:00:10]} 37. f4+ {[%emt 0:00:32]} Kf5 {[%emt 0:00:07]} 38. Kf2 {[%emt 0:00:36]} Re2+ {[%emt 0:00:21]} 39. Kf3 $19 {[%emt 0:00:33]} Re1 {[%emt 0:00:10]} 40. g4+ {[%emt 0:00:05]} Kf6 {[%emt 0:00:07]} 41. Rxa6+ {[%emt 0:30:09]} Ke7 {[%emt 0:30:05]} 0-1

[Event "GER-ch Youth U14 2020"]
[Site "Willingen"]
[Date "2020.10.21"]
[Round "3.15"]
[White "Bilous, Danylo"]
[Black "Freude, Max"]
[Result "1/2-1/2"]
[WhiteElo "1723"]
[BlackElo "1850"]
[Annotator "NA RC"]
[PlyCount "45"]
[EventDate "2020.10.20"]
[EventType "swiss"]
[EventRounds "7"]
[EventCountry "GER"]
[SourceTitle "playchess.com"]
[Source "ChessBase"]
[SourceQuality "1"]
[TimeControl "40/5400+30:1800+30"]

{[%evp 12,42,18,25,32767,27,20,6,20,29,18,32767,32767,0,18,32767,0,32767,-20,-32,-14,32767,-31,32767,32767,32767,-62,32767,32767,-101,-100,32767,-85]} 1. d4 {[%emt 0:00:00]} Nf6 {[%emt 0:00:00]} 2. c4 {[%emt 0:00:01]} e6 {[%emt 0:00:05]} 3. Nf3 {[%emt 0:00:05]} d5 {[%emt 0:00:32]} 4. Nc3 {[%emt 0:00:05]} Be7 {[%emt 0:00:51]} 5. Bg5 {[%emt 0:00:50]} O-O {[%emt 0:01:00]} 6. e3 {[%emt 0:00:58]} c6 {[%emt 0:01:58]} 7. Rc1 {[%emt 0:00:26]} Nbd7 {[%emt 0:06:13]} 8. Bd3 {[%emt 0:01:23]} dxc4 {[%emt 0:03:04]} 9. Bxc4 {[%emt 0:00:08]} b6 {[%emt 0:03:30]} 10. O-O {[%emt 0:04:27] D66: Queen's Gambit Declined: Classical: Main Line (7 Rc1 c6 8 Bd3).} Bb7 {[%emt 0:01:20]} 11. Bd3 {[%emt 0:09:00]} c5 {[%emt 0:07:05]} 12. Bb1 {[%emt 0:10:42]} Nd5 {[%emt 0:18:16]} 13. Bxe7 {[%emt 0:02:57]} Qxe7 {[%emt 0:01:40] [#]} 14. dxc5 $146 {[%emt 0:01:44]} ({Predecessor:} 14. Qc2 f5 15. Qe2 Rf6 16. Rfd1 Re8 17. dxc5 Nxc5 18. Nxd5 Bxd5 19. Ne5 Rh6 20. g3 Qf6 21. f4 {1-0 (35) Jauk,W-Schuetze,T Oberhof 1998}) 14... Nxc3 {[%emt 0:07:28]} 15. Rxc3 {[%emt 0:00:12]} Nxc5 {[%emt 0:00:16]} 16. b4 {[%emt 0:05:07]} Rfd8 {[%emt 0:12:29]} 17. Qe2 {[%emt 0:15:17]} Ba6 {[%emt 0:08:14]} 18. b5 {[%emt 0:00:33]} Bb7 {[%emt 0:00:12]} 19. Rd1 {[%emt 0:03:37]} Rxd1+ {[%emt 0:03:56]} 20. Qxd1 {[%emt 0:03:47]} Rd8 $17 {[%emt 0:01:36]} 21. Qe2 {[%emt 0:02:48]} Qd6 {[%emt 0:03:59]} 22. Rc1 {[%emt 0:02:32]} g6 {[%emt 0:02:59]} 23. h3 {[%emt 0:00:32]} 1/2-1/2

[Event "GER-ch Youth U14 2020"]
[Site "Willingen"]
[Date "2020.10.21"]
[Round "3.16"]
[White "Lerchl, Clemens"]
[Black "Spriestersbach, Kai"]
[Result "0-1"]
[WhiteElo "1699"]
[BlackElo "1863"]
[Annotator "NA RC"]
[PlyCount "84"]
[EventDate "2020.10.20"]
[EventType "swiss"]
[EventRounds "7"]
[EventCountry "GER"]
[SourceTitle "playchess.com"]
[Source "ChessBase"]
[SourceQuality "1"]
[TimeControl "40/5400+30:1800+30"]

1. e4 {[%emt 0:00:00]} c5 {[%emt 0:00:00]} 2. Nf3 {[%emt 0:00:00]} a6 {[%emt 0:00:00]} 3. c3 {[%emt 0:00:00]} d5 {[%emt 0:00:00]} 4. exd5 {[%emt 0:00:04]} Qxd5 {[%emt 0:00:03]} 5. d4 {[%emt 0:00:11]} Nf6 {[%emt 0:00:33]} 6. Be2 {[%emt 0:00:48]} e6 {[%emt 0:00:17]} 7. O-O {[%emt 0:00:23]} cxd4 {[%emt 0:00:54] B28: Sicilian: 2 Nf3 a6 (O'Kelly Variation).} 8. cxd4 {[%emt 0:04:58]} Be7 {[%emt 0:01:30]} 9. Nc3 {[%emt 0:00:55]} Qd6 {[%emt 0:00:49]} 10. Re1 {[%emt 0:08:56]} O-O {[%emt 0:01:33] [#]} 11. Ne5 $146 {[%emt 0:01:15]} ({Predecessor:} 11. Bf1 Nc6 12. a3 b5 13. b4 Rd8 14. Be3 Bb7 15. Bxb5 axb5 16. Nxb5 Qd7 17. Qb3 Nxb4 18. axb4 Qxb5 {0-1 (28) Cappa,E (1641)-Castrogiovanni,C (1984) Crema 2012}) 11... Rd8 {[%emt 0:04:15] [#]} 12. Nc4 {[%emt 0:12:10]} (12. Bh5 $1 $16) 12... Qc7 {[%emt 0:03:33]} 13. g3 $1 {[%emt 0:16:20]} Bc5 {[%emt 0:12:17]} 14. Bf4 {[%emt 0:05:21]} Qe7 {[%emt 0:00:38]} 15. Be5 $2 {[%emt 0:19:59]} (15. dxc5 $18 Rxd1 16. Raxd1 (16. Rexd1 Nc6 $11)) 15... Nc6 {[%emt 0:02:35]} 16. Bxf6 {[%emt 0:00:32]} Qxf6 {[%emt 0:01:26]} 17. Ne4 {[%emt 0:03:26]} Qxd4 {[%emt 0:01:16]} 18. Qxd4 {[%emt 0:00:23]} Bxd4 {[%emt 0:00:52]} 19. Rad1 {[%emt 0:00:53]} b5 {[%emt 0:00:55]} 20. Ne3 {[%emt 0:00:56]} Bb7 {[%emt 0:01:01]} 21. Nc3 {[%emt 0:00:52]} (21. Nc2 $17 {was necessary.}) 21... Ne5 {[%emt 0:01:17]} 22. Nc2 {[%emt 0:01:49]} Bb6 {[%emt 0:01:04]} 23. Rxd8+ {[%emt 0:01:52]} Rxd8 {[%emt 0:00:14]} 24. Rd1 {[%emt 0:00:15]} Rxd1+ {[%emt 0:01:42]} 25. Bxd1 {[%emt 0:00:07]} Nd3 {[%emt 0:00:25]} 26. Kf1 {[%emt 0:02:04]} Nxf2 {[%emt 0:01:11]} 27. Be2 {[%emt 0:00:36]} Ne4 {[%emt 0:01:42]} 28. Nxe4 {[%emt 0:00:49]} Bxe4 {[%emt 0:00:07]} 29. Nb4 {[%emt 0:00:18]} Bb7 {[%emt 0:02:22]} 30. b3 {[%emt 0:05:04]} f5 {[%emt 0:03:19]} 31. a3 {[%emt 0:04:09]} Bc5 {[%emt 0:00:48]} 32. Nc2 {[%emt 0:01:39]} Be4 {[%emt 0:01:06]} 33. b4 {[%emt 0:01:11]} Bb6 {[%emt 0:00:38]} 34. Bd1 {[%emt 0:00:09]} g5 {[%emt 0:00:47]} 35. Ke2 {[%emt 0:00:52]} g4 {[%emt 0:01:01]} 36. Ne1 {[%emt 0:00:09]} Kf7 {[%emt 0:04:06]} 37. Nd3 {[%emt 0:00:22]} Bf3+ {[%emt 0:04:29]} 38. Ke1 {[%emt 0:00:11]} Bxd1 {[%emt 0:00:19]} 39. Kxd1 {[%emt 0:00:14]} Bd4 {[%emt 0:00:49]} 40. Kc2 {[%emt 0:00:26]} e5 {[%emt 0:00:59]} 41. Kb3 $19 {[%emt 0:30:23]} Ke6 {[%emt 0:30:18]} 42. a4 {[%emt 0:00:10]} Kd5 {[%emt 0:00:20]} 0-1

[Event "GER-ch Youth U14 2020"]
[Site "Willingen"]
[Date "2020.10.21"]
[Round "3.17"]
[White "Tovmasyan, Minas"]
[Black "Ermitsch, Magnus"]
[Result "1/2-1/2"]
[WhiteElo "1658"]
[BlackElo "2049"]
[Annotator "TA"]
[PlyCount "77"]
[EventDate "2020.10.20"]
[EventType "swiss"]
[EventRounds "7"]
[EventCountry "GER"]
[SourceTitle "playchess.com"]
[Source "ChessBase"]
[SourceQuality "1"]

{[%evp 23,77,2,16,18,66,54,75,56,80,88,115,96,240,114,117,112,95,98,172,143,150,145,170,177,211,29,11,40,36,5,0,1,46,35,29,29,37,32,31,11,11,11,26,11,14,11,20,0,0,0,0,0,0,0,2,0]} 1. d4 Nf6 2. c4 e6 3. Nf3 d5 4. Nc3 c6 5. cxd5 exd5 6. Qc2 Bd6 7. Bg5 O-O 8. e3 h6 9. Bh4 Re8 10. Bd3 Nbd7 11. O-O Nf8 12. Rab1 Bg4 13. b4 {[%cal Bb2b4,Bb4b5][%mdl 32] D36: Queen's Gambit Declined: Exchange Variation: Main line (5 Bg5 c6 6 Qc2).} Re6 14. Rfc1 {[#]} Qb8 $146 ({Predecessor:} 14... Qe8 15. b5 Ne4 16. bxc6 bxc6 17. Bxe4 dxe4 18. Nd2 f5 19. Bg3 Bxg3 20. hxg3 Kh7 {1-0 (43) Roemer,U (2245)-Bantle,M Weiler 1993}) 15. Bg3 {White is better.} Bxf3 16. gxf3 Nh5 17. b5 {bxc6 is the strong threat.} Nxg3 {[#]} (17... Qd8 $16) 18. hxg3 ({Not} 18. fxg3 Qd8 $14) (18. bxc6 $1 $18 Ne2+ 19. Nxe2 (19. Qxe2 Bxh2+ 20. Kg2 Rxc6 $16) 19... Bxh2+ 20. Kg2 Rxc6 {[#]} 21. Qxc6 $1 {[%mdl 512]} bxc6 22. Rxb8 Bxb8 23. Rxc6) 18... Qe8 19. bxc6 bxc6 20. e4 Rd8 (20... dxe4 $16 {might work better.} 21. fxe4 (21. Nxe4 Rd8 $16) 21... Rd8) 21. e5 Ba3 22. Re1 c5 23. Nb5 Bb4 24. Nc7 $2 (24. Red1 $18) 24... Qe7 $1 $11 25. Nxe6 Nxe6 26. dxc5 Bxe1 27. Rxe1 Nd4 28. Bh7+ Kh8 29. Qc3 Nxf3+ 30. Qxf3 Kxh7 {[%mdl 4096] Endgame KQR-KQR} 31. Qd3+ (31. c6 {is interesting.} Qe6 32. Rc1 Rc8 33. c7 Qd7 34. Qc3) 31... Kg8 32. Qd4 {next c6 is good for White.} Qe6 33. Re3 Rc8 {The position is equal.} 34. Rc3 Qc6 35. f4 Rb8 36. Rb3 Rc8 37. Rc3 Rb8 38. Rb3 Rc8 39. Rc3 {White really could win this. Av CentiPawn Loss W=-16/B=-16. Weighted=-14/-15} 1/2-1/2

[Event "GER-ch Youth U14 2020"]
[Site "Willingen"]
[Date "2020.10.21"]
[Round "3.18"]
[White "Niemann, Leon"]
[Black "Huo, Da"]
[Result "0-1"]
[WhiteElo "1880"]
[BlackElo "1868"]
[Annotator "NA RC"]
[PlyCount "128"]
[EventDate "2020.10.20"]
[EventType "swiss"]
[EventRounds "7"]
[EventCountry "GER"]
[SourceTitle "playchess.com"]
[Source "ChessBase"]
[SourceQuality "1"]
[TimeControl "40/5400+30:1800+30"]

1. e4 {[%emt 0:00:00]} c5 {[%emt 0:00:00]} 2. Nf3 {[%emt 0:00:00]} d6 {[%emt 0:00:00]} 3. d4 {[%emt 0:00:00]} cxd4 {[%emt 0:00:00]} 4. Nxd4 {[%emt 0:00:00]} Nf6 {[%emt 0:00:00]} 5. Nc3 {[%emt 0:00:00]} Nc6 {[%emt 0:00:00]} 6. Be2 {[%emt 0:00:06]} e5 {[%emt 0:00:02]} 7. Nb3 {[%emt 0:00:06]} Be6 {[%emt 0:00:06]} 8. f4 {[%emt 0:00:11] [#] B59: Classical Sicilian: 6 Be2 e5 7 Nb3.} a5 $146 {[%emt 0:22:55]} ({Predecessor:} 8... exf4 9. Bxf4 Be7 10. O-O O-O 11. Kh1 Rc8 12. Nd4 Nxd4 13. Qxd4 a6 14. Rad1 Rc6 15. Bf3 Qa5 16. Qd2 Kh8 17. e5 dxe5 18. Bxc6 bxc6 19. Bg5 Qb4 20. Bxf6 gxf6 21. Qh6 Rg8 {1-0 (58) Kowalczyk,P (2330)-Bardeli,L (2188) Poronin 2017}) 9. f5 {[%emt 0:01:16]} Bc8 {[%emt 0:01:59]} 10. a4 {[%emt 0:05:35]} Nb4 {[%emt 0:02:42]} 11. Bg5 {[%emt 0:06:30]} Be7 {[%emt 0:05:10]} 12. Bxf6 {[%emt 0:01:45]} Bxf6 {[%emt 0:03:14]} 13. Nd5 {[%emt 0:26:40]} Nxd5 {[%emt 0:05:44]} 14. Qxd5 {[%emt 0:02:26]} O-O {[%emt 0:00:43]} 15. Rd1 {[%emt 0:07:38]} Qc7 {[%emt 0:03:17]} 16. c3 {[%emt 0:02:49]} Be7 {[%emt 0:08:33]} 17. O-O {[%emt 0:02:57]} Bd7 {[%emt 0:02:06]} 18. Bb5 {[%emt 0:03:27]} Bc6 {[%emt 0:01:01]} 19. Qd3 {[%emt 0:03:20]} Rfd8 {[%emt 0:03:56]} 20. c4 {[%emt 0:00:53]} Bg5 {[%emt 0:11:33]} 21. g3 {[%emt 0:05:34]} Qb6+ {[%emt 0:13:58]} 22. Kg2 {[%emt 0:00:31]} Rac8 {[%emt 0:03:37]} 23. Rf3 {[%emt 0:10:16]} Bxb5 {[%emt 0:01:30]} 24. axb5 {[%emt 0:00:43]} a4 {[%emt 0:01:58]} 25. h4 {[%emt 0:01:45]} Bh6 {[%emt 0:01:51]} 26. Nd2 {[%emt 0:02:09]} Qc5 {[%emt 0:00:58]} 27. Rc1 {[%emt 0:02:08]} Qb4 {[%emt 0:00:36]} 28. Rc2 {[%emt 0:07:40]} Bxd2 {[%emt 0:00:25]} 29. Qxd2 {[%emt 0:01:29]} Qxd2+ {[%emt 0:00:39]} 30. Rxd2 {[%emt 0:00:00]} Rxc4 {[%emt 0:00:12]} 31. Rc3 {[%emt 0:01:56]} Rxc3 {[%emt 0:02:28]} 32. bxc3 {[%emt 0:00:04]} Kf8 {[%emt 0:00:04]} 33. Ra2 {[%emt 0:02:45]} Ra8 {[%emt 0:03:02]} 34. Ra3 {[%emt 0:00:05]} Ra5 {[%emt 0:00:30]} 35. Kf3 {[%emt 0:02:51]} Rxb5 {[%emt 0:00:24]} 36. Rxa4 {[%emt 0:00:08]} Rb3 {[%emt 0:01:01]} 37. Rc4 {[%emt 0:00:14]} b5 {[%emt 0:00:23]} 38. Rc8+ {[%emt 0:02:02]} Ke7 {[%emt 0:00:33]} 39. Kf2 {[%emt 0:00:59]} (39. Rc7+ $17 Kf6 40. g4) 39... Rb2+ {[%emt 0:01:13]} 40. Kf1 {[%emt 0:00:28]} Rc2 {[%emt 0:01:02]} 41. Rc7+ {[%emt 0:05:39] [#]} Ke8 $1 {[%emt 0:01:32]} 42. Rc8+ {[%emt 0:04:33]} Kd7 {[%emt 0:09:22]} 43. Rg8 {[%emt 0:02:26]} Rxc3 {[%emt 0:00:46]} 44. Rxg7 {[%emt 0:00:38]} Ke7 {[%emt 0:00:06]} 45. Rg8 {[%emt 0:04:34]} Re3 {[%emt 0:02:12]} 46. Rb8 {[%emt 0:03:46]} Rxe4 {[%emt 0:00:19]} 47. Rxb5 {[%emt 0:00:10]} Kf6 {[%emt 0:00:38]} 48. Rb6 {[%emt 0:00:52]} Rd4 {[%emt 0:00:11]} 49. g4 {[%emt 0:00:03]} Rxg4 {[%emt 0:00:31]} 50. Rxd6+ {[%emt 0:00:02]} Kxf5 {[%emt 0:00:11]} 51. Rh6 {[%emt 0:00:03]} Rg7 {[%emt 0:00:29]} 52. Kf2 {[%emt 0:00:16]} f6 {[%emt 0:01:20]} 53. Kf3 {[%emt 0:00:11]} Rd7 {[%emt 0:03:26]} 54. Ke3 {[%emt 0:00:54]} e4 {[%emt 0:06:02]} 55. Ke2 {[%emt 0:00:39]} Ke5 {[%emt 0:00:46]} 56. Ke3 {[%emt 0:02:16]} f5 {[%emt 0:00:49]} 57. Rh5 {[%emt 0:00:14]} Rg7 {[%emt 0:00:26]} 58. Rh6 {[%emt 0:00:46]} f4+ $19 {[%emt 0:00:22]} 59. Kf2 {[%emt 0:00:24]} Ra7 {[%emt 0:00:57]} 60. Rb6 {[%emt 0:02:13]} Ra2+ {[%emt 0:00:25]} 61. Kg1 {[%emt 0:00:42]} f3 {[%emt 0:00:26]} 62. Rb7 {[%emt 0:00:15]} e3 {[%emt 0:00:32]} 63. Rxh7 {[%emt 0:00:18]} Ra1+ {[%emt 0:00:24]} 64. Kh2 {[%emt 0:00:03]} e2 {[%emt 0:00:34]} 0-1